000 00301nam a22001337a 4500
020 _a1-8442-2954-8
082 _a823
_bLAD/L
100 _aLADY BIRD
245 _aTHE MARROW MANGLER
_bLITTLE RED TRACTOR
260 _aUK
_bLADY BIRD
300 _a29
650 _aENGLISH SHORT STORY
_zUK
942 _cBK
999 _c2144
_d2144